[Event "Club Championships"]
[Site "Wellington Chess Club"]
[Date "2016.09.08"]
[Round "1"]
[White "Forster, Bill"]
[Black "Pomeroy, Arthur"]
[Result "1/2-1/2"]
[WhiteElo "2066"]
[BlackElo "2134"]

1. d4 Nf6 2. c4 g6 3. Nc3 Bg7 4. e4 d6 5. Be2 O-O 6. Bg5 {My third attempt at
the Averbakh variation in serious games. Those games and many more on ICC
indicate that if nothing else it makes for a fun game. The best case scenario
is opposite side castling and a glorious, massive, crushing, sacrificial ,
winning attack for White. All that actually happened in my first outing against
Hans Gao at Congress - I won't mention the tragic slip just before the end and
the consequent unfortunate result of the game. Although I am trying to be
principled with main lines recently, the Kings Indian really requires a
different policy because the main line is much easier and more fun for Black I
think.} 6... c5 7. d5 e6 8. Nf3 exd5 9. cxd5 h6 10. Bf4 (10. Bh4 {According to
my database good players play Bh4 whilst patzers play Bf4. I'm not sure what
conclusions, if any, we can draw from this} ) 10... g5 11. Be3 {I am drifting
already} 11... b5 $6 {Arthur throws me a lifeline - this is dubious} 12. Bxb5
Nxe4 13. Nxe4 Qa5+ 14. Qd2 (14. Nc3 Bxc3+ 15. bxc3 Qxb5 {Is the tactical
justification. I considered playing this as I thought Black has no real
development, a weakened king, and a missing monster on g7. But the engine rates
it as even -presumably because my own king position is at least temporarily
weak.} )  (14. Nfd2 $1 {is the engine's preference - similar to the game but
the second knight goes to c4 to reinforce the first knight when it reaches d6.
Naturally I thought about this option less than the other two!} ) 14... Qxb5
15. Nxd6 Qxb2 16. Qxb2 Bxb2 17. Rb1 Bc3+ 18. Bd2 Bxd2+ {Arthur thought after
the game that giving up his best piece was a mistake and the engine agrees, to
a small extent anyway} 19. Kxd2 Nd7 {(=) I thought I had to be a little better,
and so rejected Arthur's draw offer. I only had 10 minutes though, Arthur had
40 or more I think, so it might have been wise to wimp out} 20. Rhc1 Ba6 21.
Nf5 Kh7 22. Re1 Rad8 23. Rbc1 {I've wasted two tempi since the draw offer and
so lost my development advantage, also I've failed to organise a defence for my
advanced d-pawn. In these sorts of positions who is better often comes down to
whether a pawn like that is a strength or a weakness.} 23... Nb6 {Now it's
pretty clear it's a weakness} 24. Rxc5 {(=) A sheepish draw offer, rightfully
rejected.} 24... Nxd5 {Now my king is rather exposed and I am in danger. Also I
have no time.} 25. Kc1 Nf4 $1 {The d3 square is a terrible issue for White for
the rest of the game.} 26. Ne5 {Defending the key square, but clearly the
knight is not stable here and so I am hanging on for dear life. Immediately
after playing this I noticed the brilliant idea}  (26. Rc6 $5 Nd3+ 27. Kb1 {and
if} 27... Nxe1 (27... Bc8 $3 {wins} ) 28. Rxh6+ Kg8 29. Ne7+ Kg7 30. Nf5+
{draws. After the game we decided this would have been good for an immediate
draw but the damned computer finds the ridiculous Bc8 tactical resource in
return - which is why 26.Rc6 doesn't appear in its list of good moves - even
though in human and practical terms it was probably best.} ) 26... Bd3 $2 {This
looked good when it arrived on the board, and would likely have led to a quick
finish except that soon after Arthur made the practical mistake of letting out
a loud groan alerting me to the possibility of further resistance.} 27. Ne3
{Having said that hopefully I would have found this simple and strong
defensive move anyway - I save my knight and defend g2} 27... Ba6 28. Rc6 $4 {I
am optimistically trying to get my perpetual pattern back - g3 or Rd1 would
have liquidated effectively, but now I am losing again} 28... Rc8 29. Rxc8
Rxc8+ 30. Kd2 f6 31. N5g4 Kg6 32. f3 {(1) I'll clue you in to the significance
of the number later - My knight is in serious danger of being trapped and so I
make a square for it and also hope that it will cover d3 when it gets there.
The trouble is that Black's knight gets to d3 first and is then controlling f2
(this is how the rules of the game work - you'd think I would have realised
that at this advanced age). So I don't have an escape square and Black should
routinely win my knight.} 32... Rd8+ 33. Kc3 Rc8+ 34. Kd2 {(2)} 34... Nd3 35.
Re2 $2 {I need a square that defends f2 so my knight can go there when ...h5
comes, but unfortunately both such squares leave the rook exposed to the wrath
of the bishop on a6. That bishop seems offended that I previously referred to
its colleague as being Black's best piece, since it has become something of a
monster itself. I was playing on increment only and in panic slash resignation
mode as Arthur enjoyed the luxury of plenty of time, batting me around like a
cat with a mouse} 35... Nf4 (35... Rd8 {is obviously completely crushing and I
was amazed Arthur didn't play it - it's obvious that something will drop off
with a discovered check, a discovered double attack on the rook and a trapped
knight all in the mix! } ) 36. Re1 {(3) I thought that if he gave me another
chance with }  (36. Re1 Nd3 {I would try} 37. Rf1 {as slightly less awkward
than Re2 but it's still obviously hopeless.}  ( {The computer finds a way to
stagger on though} 37. Rd1 $1 {and then} 37... h5 $2 {doesn't win a piece and
lets White escape completely} 38. Nd5 $3 {and the fork threat on e7 makes e3
available for the g4 knight!} ) ) 36... Rd8+ 37. Kc3 Rc8+ {The cat bats the
mouse one more time, but the mouse stuns the disbelieving cat by tumbling into
a previously unnoticed mouse-hole. I stopped the clock, wrote down Kd2 and
claimed a draw. Kids at home don't play the move or press the clock, if you do
that it's not your turn to act any more! Arthur disputed the threefold
repetition but we confirmed it on a second board - although  neither of us
realised it was actually a fourfold repetition!} 38. Kd2 {(4)} 1/2-1/2

[Event "Club Championships"]
[Site "Wellington Chess Club"]
[Date "2016.09.08"]
[Round "1"]
[White "Ker, Anthony"]
[Black "Nyberg, Michael"]
[Result "1-0"]
[WhiteElo "2461"]
[BlackElo "2085"]

1. e4 e6 2. d4 d5 3. e5 c5 4. c3 Bd7 5. Nf3 Nc6 6. Bd3 Qb6 7. O-O cxd4 8. cxd4
Nxd4 9. Nbd2 Nc6 10. Nb3 Be7 11. Be3 Qc7 12. Rc1 f6 13. Bf4 Qb6 14. Re1 fxe5
15. Nxe5 Nxe5 16. Bxe5 Nf6 17. Bd4 Qb4 18. a3 Qa4 19. Bxf6 gxf6 20. Qh5+ Kd8
21. Nc5 Bxc5 22. Rxc5 Qd4 23. Rc3 Rc8 24. Rec1 Rxc3 25. Rxc3 Qe5 26. Qf7 d4 27.
Rc1 Bc6 28. Qg7 Re8 29. Bxh7 Re7 30. Qg8+ Kd7 31. Bd3 f5 32. Qg3 f4 33. Qh3 Rg7
34. Bf1 Qe4 35. Rd1 Bd5 36. f3 Qe3+ 37. Kh1 a6 38. Qh8 Qe5 39. Rc1 Bc6 40. b4
Qg5 41. a4 Ke7 42. Rc5 e5 43. b5 axb5 44. axb5 Be8 45. Rc7+ Bd7 46. Qc8 Ke6 47.
Qxb7 d3 48. Qb6+ Ke7 49. Qc5+ Ke6 50. Qc4+ Kf6 51. Qxd3 Qf5 52. Qxf5+ Kxf5 53.
b6 Ke6 54. b7 Rg8 55. Bc4+ Kd6 56. Rxd7+ 1-0

[Event "Club Championships"]
[Site "Wellington Chess Club"]
[Date "2016.09.08"]
[Round "1"]
[White "Nijman, Brian"]
[Black "Jackson, Ross"]
[Result "1-0"]
[WhiteElo "2206"]
[BlackElo "2067"]

1. Nf3 d5 2. c4 c6 3. g3 Nf6 4. Bg2 Bf5 5. Qb3 Qc8 6. d3 Nbd7 7. cxd5 cxd5 8.
Bf4 Nc5 9. Qd1 Bh3 10. O-O Bxg2 11. Kxg2 Ne6 12. Be5 Nd7 13. Nbd2 Nxe5 14. Nxe5
Qb8 (14... b5 {was to be preferred,  but White is much better after} 15. a4)
15. Qa4+ {?!}  (15. Ndf3 {! [I didn't appreciate how strong this was]} 15... a6
(15... f6 16. Qa4+ b5 17. Qg4 fxe5 18. Qxe6 Qd6 19. Qxe5 {[White is winning]} )
(15... b5 16. Qb3 Qb7 17. Rfc1 {[White is winning]} ) 16. Qb3 Qd6 17. Qxb7 Rb8
18. Qa7 f6 19. Nc6 Rc8 20. Ncd4 Nxd4 21. Nxd4 {[[White is winning]} ) 15... b5
16. Qa6 Qb6 17. Qxb6 axb6 18. Rfc1 f6 (18... g5 {!?} ) 19. Nc6 Kd7 20. Nb4 Nc7
21. e4 e6 {=} 22. Nc2 Bd6 23. f4 Rhc8 24. Nf3 e5 25. fxe5 {â-¡}  (25. f5 {?}
25... Na6 { gives Black an edge} ) 25... fxe5 26. Ne3 {?!}  (26. a3 {=} ) 26...
d4 {!} 27. Nf5 g6 28. Nxd6 Kxd6 29. Ng5 h5 {?!}  (29... Na6 {!} 30. Nf7+ Ke6
31. Ng5+ Ke7 (31... Kd6 32. Nf7+ {=} ) 32. Rf1 h6 {!?} 33. Nf7 Nb4 34. Nxe5 Nc2
35. Nxg6+ Ke6 36. e5 {!} 36... Nxa1 37. Rf6+ {!} 37... Kd7 38. Rf7+ Kc6 39.
Ne7+ Kc5 40. Rf1 (40. a3 b4) 40... Nc2 (40... Re8 {?!} 41. Rc1+ Kb4 42. Nd5+
Ka5 43. b4+ Ka4 {!}  (43... Ka6 {?} 44. Nc7+ Kb7 45. Nxe8 Rxe8 46. Rxa1 Rxe5
47. Rf1 { [advantage to White]} ) 44. Nxb6+ Kxb4 45. Nxa8 Rxa8 46. Rxa1 Kc3 47.
Kf3 b4 (47... Kxd3 {?} 48. Rd1+ Kc3 49. Ke4 Rxa2 50. Rd3+ Kc4 51. Rxd4+ Kc5 52.
Rd5+ Kc6 53. Rd6+ Kc5 54. Rxh6 {[advantage to White]} ) 48. Ke4 b3 49. Rc1+ Kb2
50. axb3 Kxc1 51. Kxd4 Rd8+ {=} ) ) 30. a3 Ne8 31. Rxc8 Rxc8 32. Rf1 Rc2+ 33.
Rf2 Rxf2+ 34. Kxf2 Nf6 {=} 35. h3 Nd7 36. Ke2 Kc5 37. b4+ Kd6 38. Kf3 Ke7 39.
Ke2 Nf6 40. Nf3 Nd7 41. Nh4 Kf6 42. Kd2 Nf8 43. Kc2 Ne6 44. Nf3 Ng5 45. Ng1
{â-¡} 45... Ne6 46. h4 g5 47. Nf3 g4 {[objectively equal, but gives White hope
of creating pressure on the Queenside]}  (47... gxh4 48. gxh4 ( {[I was
planning } 48. Nxh4 {that is losing after} 48... Kg5 49. Nf5 Kg4 50. Kd2 Kf3
51. Kd1 Kf2 52. Kd2 Ng5) 48... Nf4 49. Kd2 {=} ) 48. Nd2 Nc7 49. Kb3 Ke6 50. a4
bxa4+ 51. Kxa4 Kd7 52. b5 Kd6 {??}  (52... Ne6 53. Kb4 {?! [the move I was
planning. It is objectively equal, but has some risk]}  ( {[} 53. Nb3 Kd6 (
53... Nc5+ 54. Nxc5+ bxc5 55. Kb3 Kc7 56. Ka3 Kb6 57. Ka4 {=} ) 54. Kb4 {=} )
(53. Kb3 Nc5+ 54. Kc2 {=} ) 53... Nc5 54. Kc4 Kd6 55. Nb3 (55. Nb1 {??} 55...
Na4 56. Kb3 Nc3 {!!} 57. Nd2 (57. Nxc3 dxc3 58. Kxc3 Kc5) 57... Kc5) 55... Na4
(55... Nxb3 56. Kxb3 Kc5 57. Ka4 {=} ) 56. Nc1 Nb2+ 57. Kb4 Nd1 58. Kc4 Ne3+
59. Kb4 Nf1 60. Ne2 Ke6 61. Kc4 Kd6 62. Kb4 {=} ) 53. Nc4+ Kc5 54. Nxe5 Nxb5
55. Nd7+ Kc6 56. Nf6 Nc3+ 57. Kb3 Ne2 58. Nxh5 b5 59. Kb4 Nc1 60. Nf4 Na2+ 61.
Kb3 Nc3 62. h5 1-0

[Event "Club Championships"]
[Site "Wellington Chess Club"]
[Date "2016.09.08"]
[Round "1"]
[White "Sknar, Andrew"]
[Black "Kibblewhite, Daniel"]
[Result "0-1"]
[WhiteElo "1184"]
[BlackElo "1418"]

1. e4 e6 2. d4 d5 3. e5 c5 4. c3 Nc6 5. Nf3 Qb6 6. Qe2 Be7 7. Qb5 Qxb5 8. Bxb5
Bd7 9. Be3 c4 10. Bxc6 Bxc6 11. b3 b5 12. O-O Nh6 13. Bxh6 gxh6 14. b4 Rg8 15.
h3 h5 16. h4 O-O-O 17. Ng5 Bxg5 18. hxg5 Rxg5 19. Nd2 Rdg8 20. g3 h4 21. Nf3
Rg4 22. Nh2 R4g6 23. Kh1 hxg3 24. fxg3 R8g7 25. Rf3 Rxg3 26. Rxg3 Rxg3 27. Rg1
Rxc3 28. Rg7 Be8 29. Rxh7 Rd3 30. Rh4 c3 31. Rf4 c2 32. Rf1 Rd1 33. Rxd1
cxd1=Q+ 34. Kg2 Qxd4 0-1

[Event "Club Championships"]
[Site "Wellington Chess Club"]
[Date "2016.09.08"]
[Round "1"]
[White "Wevers, Alexis"]
[Black "Proctor, Matthew"]
[Result "1-0"]
[WhiteElo "1472"]
[BlackElo "1369"]
[PlyCount "41"]
[EventDate "2016.??.??"]
[EventRounds "9"]
[EventCountry "NZL"]

1. c4 e5 2. Nc3 Nf6 3. g3 Bb4 4. Bg2 c6 5. a3 Ba5 6. b4 Bc7 7. Bb2 d5 8. cxd5
cxd5 9. Qc2 d4 10. Na4 Nbd7 11. Rc1 Bd6 12. e3 dxe3 13. dxe3 O-O 14. Nf3 h6 15.
O-O Rb8 16. Rfd1 Nb6 17. Bxe5 Nfd5 18. Nxb6 Qxb6 19. Rxd5 Rd8 20. Bd4 Qa6 21.
Ra5 1-0

[Event "Club Championships"]
[Site "Wellington Chess Club"]
[Date "2016.09.08"]
[Round "1"]
[White "Winter, Ryan"]
[Black "Day, Fabian"]
[Result "0-1"]
[WhiteElo "1533"]
[BlackElo "1605"]

1. d4 f5 2. c4 g6 3. Nc3 Nf6 4. Nf3 Bg7 5. g3 O-O 6. Bg2 d6 7. O-O Qe8 8. Re1
e5 9. d5 e4 10. Nd4 Ng4 11. f3 exf3 12. Nxf3 Ne3 13. Qd3 Nxg2 14. Kxg2 Na6 15.
Bf4 h6 16. e4 Nc5 17. Qc2 fxe4 18. Nxe4 Nxe4 19. Qxe4 Qxe4 20. Rxe4 g5 21. Nxg5
hxg5 22. Bxg5 Bxb2 23. Rae1 Be5 24. c5 Bd7 25. cxd6 cxd6 26. Be3 a6 27. Bb6
Rac8 28. R1e2 Bb5 29. Rg4+ Bg7 30. Bd4 Rf7 31. Rf2 Rxf2+ 32. Kxf2 Rf8+ 33. Ke3
Rf7 {White lost on time} 0-1

[Event "Club Championships"]
[Site "Wellington Chess Club"]
[Date "2016.09.08"]
[Round "2"]
[White "Austin, Tama"]
[Black "Anderson, Gordon"]
[Result "0-1"]
[WhiteElo "1539"]
[BlackElo "1648"]

1. d4 Nf6 2. Nf3 d5 3. c3 e6 4. Bf4 Nc6 5. e3 a6 6. Nbd2 Bd6 7. Bg3 Bxg3 8.
hxg3 Qd6 9. Bd3 e5 10. dxe5 Nxe5 11. Nxe5 Qxe5 12. Nf3 Qe7 13. Qb3 b5 14. O-O-O
c5 15. Qc2 g6 16. Kb1 O-O 17. Nh4 c4 18. Be2 Ne4 19. Rhf1 g5 20. Nf3 Bf5 21.
Ka1 Nxg3 22. Qd2 Nxf1 23. Rxf1 Be4 0-1

[Event "Club Championships"]
[Site "Wellington Chess Club"]
[Date "2016.09.08"]
[Round "2"]
[White "Sole, Michael"]
[Black "Cunningham, Patrick"]
[Result "1-0"]
[WhiteElo "1637"]
[BlackElo "1652"]

1. e4 e5 2. Nf3 Nf6 3. Nc3 d6 4. d4 Bg4 5. Be3 Be7 6. Bc4 O-O 7. O-O exd4 8.
Bxd4 Nc6 9. Be2 Nxd4 10. Nxd4 Qd7 11. Bxg4 Qxg4 12. Qxg4 Nxg4 13. Nd5 Bf6 14.
c3 c6 15. Nxf6+ Nxf6 16. f3 Rfe8 17. Rfe1 Re5 18. Nf5 d5 19. Ng3 Rae8 20. Rad1
g6 21. f4 R5e7 22. e5 Nd7 23. Rd2 f6 24. Rde2 fxe5 25. f5 e4 26. Rf1 Rf7 27.
fxg6 Rxf1+ 28. Kxf1 hxg6 29. Re3 Rf8+ 30. Ke1 Ne5 31. Re2 Nd3+ 32. Kd1 Rf2 33.
Rxf2 Nxf2+ 34. Kd2 Kf7 35. Ne2 Ng4 36. h3 Ne5 37. Nc1 Kf6 38. b3 Kf5 39. Ke3 c5
40. a4 a5 41. g3 b6 42. Ne2 g5 43. g4+ Nxg4+ 44. hxg4+ Kxg4 45. c4 1-0

[Event "Club Championships"]
[Site "Wellington Chess Club"]
[Date "2016.09.08"]
[Round "2"]
[White "Stracy, Don"]
[Black "Day, Fabian"]
[Result "0-1"]
[WhiteElo "1748"]
[BlackElo "1605"]

1. e4 c5 2. Nf3 e6 3. d4 cxd4 4. Nxd4 Nc6 5. Nc3 Qc7 6. Be3 a6 7. Be2 Nf6 8.
O-O Bb4 9. f3 Bxc3 10. bxc3 Ne5 11. Qe1 Nc4 12. Bf2 d6 13. Kh1 b5 14. Bd3 Bd7
15. f4 Rc8 16. Nf3 d5 17. Bd4 Qxf4 18. Ne5 Qg5 19. exd5 Nxe5 20. Bxe5 Nxd5 21.
c4 Ne3 22. Rf2 Qxe5 {Two illegible scoresheets. Game finished in about 50
moves} 0-1

[Event "Club Championships"]
[Site "Wellington Chess Club"]
[Date "2016.09.08"]
[Round "2"]
[White "Wevers, Alexis"]
[Black "Asher, Bruce"]
[Result "1-0"]
[WhiteElo "1472"]
[BlackElo "1316"]

1. c4 e5 2. Nc3 Nc6 3. g3 Nf6 4. Bg2 b6 5. Nf3 Bc5 6. Nxe5 Bb7 7. d4 Bb4 8. O-O
O-O 9. Bg5 h6 10. Bh4 Rb8 11. Nd5 g5 12. Qc1 Nxd5 13. Bxd5 Bd6 14. Nxf7 Rxf7
15. Bxf7+ Kxf7 16. d5 Ne5 17. f4 Bc5+ 18. Kh1 Ng4 19. fxg5+ Nf2+ 20. Kg2 Qe8
21. Qf4+ Kg8 22. gxh6 Qh5 23. Qg5+ Qxg5 24. Bxg5 Re8 25. Rxf2 Bxf2 26. Kxf2
Rf8+ 27. Ke3 Re8+ 28. Kd3 c5 29. Rf1 Ba6 30. e4 b5 31. b3 bxc4+ 32. bxc4 d6 33.
Rf6 Kh7 34. Rxd6 Bc8 35. Rc6 Rf8 36. Bf4 Bg4 37. d6 Rd8 38. e5 Bh3 39. Rxc5 Rb8
40. Rc7+ Kh8 41. Kd4 1-0

[Event "Club Championships"]
[Site "Wellington Chess Club"]
[Date "2016.09.08"]
[Round "2"]
[White "Winter, Ryan"]
[Black "Forlong-Ford, Colwyn"]
[Result "1-0"]
[WhiteElo "1533"]
[BlackElo "1726"]

1. d4 e6 2. c4 Nf6 3. g3 d5 4. Qc2 Bb4+ 5. Nd2 Nc6 6. Nf3 Ne4 7. e3 Qf6 8. Bg2
b6 9. O-O Bxd2 10. Nxd2 Nxd2 11. Bxd2 Bb7 12. cxd5 exd5 13. Bxd5 O-O-O 14. Bg2
Ne7 15. Rac1 Bxg2 16. Qxc7# 1-0

[Event "Club Championships"]
[Site "Wellington Chess Club"]
[Date "2016.09.08"]
[Round "2"]
[White "Zhao, Aiden"]
[Black "Bennett, Ezra"]
[Result "0-1"]
[WhiteElo "1289"]
[BlackElo "1414"]

1. e4 Nf6 2. Nc3 d6 3. d4 g6 4. Nf3 Bg7 5. g3 Nfd7 6. Bg2 c5 7. O-O Nc6 8. Be3
cxd4 9. Nxd4 Nxd4 10. Bxd4 e5 11. Be3 O-O 12. Qxd6 Qa5 13. Rad1 Nf6 14. Bd2 Rd8
15. Qe7 Be6 16. Qxb7 Qc5 17. Be3 Qc8 18. Rxd8+ Qxd8 19. Qb5 Ng4 20. Bc5 Bd7 21.
Qd3 Nf6 22. f4 Ng4 23. fxe5 Bxe5 24. Qf3 Qf6 25. Qxf6 Nxf6 26. Rd1 Rc8 27. Bb4
Kg7 28. Nd5 Rxc2 29. Be7 Bg4 30. Bxf6+ Bxf6 31. Re1 Bd4+ 32. Kh1 Rxb2 33. h3
Bd7 {The rest is unclear} 0-1

[Event "Club Championships"]
[Site "Wellington Chess Club"]
[Date "2016.09.15"]
[Round "2"]
[White "Aldridge, Alan"]
[Black "Barraza, Jesse"]
[Result "1/2-1/2"]
[WhiteElo "1979"]
[BlackElo "1957"]

1. c4 f5 2. Nc3 Nf6 3. Nf3 e6 4. g3 c5 5. Bg2 Nc6 6. O-O e5 7. d3 Be7 8. Nh4 d6
9. e4 f4 10. gxf4 exf4 11. Nf5 g5 12. Re1 Bxf5 13. exf5 Qd7 14. Bxc6 bxc6 15.
Qe2 Kf7 16. b3 Rae8 17. Qe6+ Qxe6 18. fxe6+ Kg6 19. Bb2 Rhg8 20. Ne4 Nxe4 21.
Rxe4 Bf6 22. Bxf6 Kxf6 23. Rae1 Re7 24. Kg2 h5 25. f3 Kf5 26. h3 Rg6 27. d4
cxd4 28. Rxd4 Rgxe6 29. Red1 Re2+ 30. Kg1 Rxa2 31. Rxd6 1/2-1/2

[Event "Club Championships"]
[Site "Wellington Chess Club"]
[Date "2016.09.15"]
[Round "2"]
[White "Jackson, Ross"]
[Black "Croad, Nicolas"]
[Result "0-1"]
[WhiteElo "2067"]
[BlackElo "2429"]

1. d4 Nf6 2. c4 e6 3. Nc3 Bb4 4. Nf3 b6 5. e3 Bb7 6. Bd3 Ne4 7. Qc2 f5 8. O-O
Nxc3 9. bxc3 Be7 10. e4 O-O 11. d5 Bf6 12. Ba3 Re8 13. Rad1 e5 14. exf5 d6 15.
Nd2 Nd7 16. Ne4 Qe7 17. Qe2 Rf8 18. Bc1 Rae8 19. Rfe1 Bc8 20. g3 Nc5 21. Nxc5
bxc5 22. Be4 Bg5 23. Qc2 Bxc1 24. f6 gxf6 25. Qxc1 Qg7 26. f4 exf4 27. Rd3 Kh8
28. Rf3 f5 29. Bc2 fxg3 30. Rxg3 Rxe1+ 31. Qxe1 Qe5 32. Re3 Qf6 33. Re7 Qg5+
34. Kh1 Rg8 35. Re2 Qf4 36. Rg2 Rxg2 37. Kxg2 Qe5 38. Qd2 Ba6 39. Bd3 Bxc4 40.
Bxc4 Qe4+ 41. Kg3 Qxc4 42. h3 Qe4 43. a3 Qe5+ 44. Kf3 Qe7 45. Qd3 Qf6 46. c4
Kg7 47. Qc2 Kg6 48. a4 Qh4 49. Qg2+ Kf7 50. Qf1 a5 51. Ke3 Qg3+ 52. Ke2 f4 53.
Qf3 Kf6 54. Qe4 Qe3+ 55. Qxe3 fxe3 56. Kxe3 Ke5 57. h4 h5 58. Kd3 Kf5 0-1

[Event "Club Championships"]
[Site "Wellington Chess Club"]
[Date "2016.09.15"]
[Round "2"]
[White "Nyberg, Michael"]
[Black "Nijman, Brian"]
[Result "0-1"]
[WhiteElo "2085"]
[BlackElo "2206"]

1. c4 g6 2. g3 Bg7 3. Bg2 e5 4. Nc3 Ne7 5. a3 a5 6. Rb1 O-O 7. h4 h6 8. d3 d6
9. Nf3 {[the other plan is to play either e2-e3 or e2-e4 and put the King's
knight on e2] }  (9. Nh3 {which I was concerned about during the game, is not
so good after} 9... c6) 9... f5 10. e4 {?!}  (10. Bd2 {is about equal} ) 10...
Nbc6 ( {better is} 10... fxe4 11. dxe4 Bg4 {with a clear edge} ) 11. Nd5 f4
{!?} 12. gxf4 exf4 (12... Bg4 {is the other move I considered, and is more
natural. Stockfish says the position is equal after} 13. Bh3 Bh5 14. Rg1 exf4 (
14... Nxd5 15. cxd5 Ne7 {=} ) 15. Bg4 Bxg4 16. Rxg4 Qd7 17. Rxf4 Qh3
{=/unclear} ) 13. Rg1 {?!}  (13. Nxf4 {[the pawn should be taken, everything
else leaves White worse. This informed my decision to play 12...exf4]} 13...
Bg4 {!?}  (13... Rf7 14. Bh3 Bxh3 15. Rxh3 Qd7 16. Rg3 Raf8 17. Nh3 Ne5 18.
Nxe5 dxe5 19. Be3 Rf6 {is playable, despite being a pawn down} ) 14. Bh3 Rxf4
{!}  (14... Qd7 {?} 15. Bxg4 Qxg4 16. Rg1 Qd7 17. Be3) 15. Bxf4 Bh5 16. Be3 {!}
(16. Bg2 Nd4 {gives Black an initiative} ) 16... Ne5 17. Bg2 (17. Be6+ {!?}
17... Kh7 18. Ng5+ {!} 18... Kh8 19. f4 {!?} 19... Bxd1 20. Rxd1 N7c6 {!} 21.
fxe5 Nxe5 22. d4 Qe7 {[forced]} 23. Ke2 {!}  (23. dxe5 Bxe5 24. h5 Kg7 25. O-O
hxg5 26. Rf7+ Qxf7 27. h6+ Kf8 28. Bxf7 Kxf7 29. Bxg5 {gives White an edge} )
23... Bf6 {! [creates flight square for the King]} 24. dxe5 Bxg5 {!} 25. hxg5
Qxe6 26. Rxh6+ Kg8 (26... Kg7 27. exd6 {=} ) 27. exd6 Rd8 {!} 28. Rdh1 Qxd6 29.
Rh8+ Kf7 30. Rf1+ Kg7 31. Rxd8 Qxd8 32. Rf6 {[unclear]} ) 17... Qc8 18. Rh3
Nxf3+ 19. Rxf3 Nc6 20. c5 Kh8 21. cxd6 cxd6 {[unclear]} )  (13. Bxf4 {?} 13...
Nxd5 14. cxd5 Rxf4 15. dxc6 bxc6 {[with a big advantage for Black]} ) 13...
Nxd5 ( {Stockfish prefers} 13... Bg4) 14. cxd5 Nd4 15. Nxd4 (15. Bd2 Bg4 16.
Bc3 { is better but still comfortable for Black} ) 15... Bxd4 16. Bf3 (16. Rh1
c5 {is miserable for White} ) 16... Qxh4 17. Rxg6+ {?}  ( {I was anticipating}
17. Qe2 {when} 17... Qf6 {is a pawn up, with a better position} ) 17... Kh7 18.
Rg2 Rg8 19. Qc2 {!? [Michael is inventive, and makes me work to close it out]}
(19. Rxg8 Qxf2#) 19... Qh1+ (19... Bh3 {was safer} 20. Rh2 Rg1+ 21. Kd2 (21.
Ke2 Bf1+ {!} ) 21... Rf1) 20. Ke2 Rxg2 21. Be3 {!?}  (21. Qxc7+ Bg7) 21... fxe3
22. Qxc7+ (22. Rxh1 Rxf2+ 23. Kd1 Rxc2 24. Kxc2 Bd7) 22... Rg7 23. Qxg7+ Kxg7
24. Bxh1 exf2 25. Bg2 Bd7 26. b4 b5 27. bxa5 Rxa5 28. Rb3 Bc5 29. d4 Bxd4 30.
Rg3+ Kf6 31. Kd2 Ke5 32. Rg7 Ra7 33. Re7+ Kf6 {[White resigns]} 0-1

[Event "Club Championships"]
[Site "Wellington Chess Club"]
[Date "2016.09.15"]
[Round "2"]
[White "Rossiter, Philip"]
[Black "Farrington, Lawrence"]
[Result "1-0"]
[WhiteElo "1897"]
[BlackElo "1811"]

1. c4 Nf6 2. g3 e5 3. Nc3 d5 4. cxd5 Nxd5 5. Bg2 Nb6 6. d3 Nc6 7. Nf3 Be7 8.
O-O O-O 9. a3 Be6 10. Bd2 f5 11. b4 f4 12. Rc1 fxg3 13. hxg3 Bf6 14. Ne4 Bd5
15. Nc5 Rb8 16. Qc2 Re8 17. a4 Na8 18. e4 Bf7 19. b5 Nd4 20. Nxd4 Qxd4 21. Be3
Qd6 22. a5 Red8 23. Rfd1 c6 24. Nb3 cxb5 25. Bxa7 Rbc8 26. Qxc8 Rxc8 27. Rxc8+
Bd8 28. Rxa8 Bxb3 29. Bb6 Kf7 30. Rxd8 Qa3 31. Rf1 Bc2 32. Rc8 Bxd3 33. Rd1 b4
34. Rdc1 Bb5 35. R1c7+ Kg6 36. Bh3 Bc6 37. Bf5+ Kg5 38. Be3+ Kh5 39. Rxg7 h6
40. Bg4# 1-0